Puff and blow

Bibliographic Details
Main Author: Hewitt, Sally
Format: Book
Published: London : Watts Books , 1993
Subjects:

MARC

LEADER 00000cam a2200000 7i4500
001 0000007209
005 20011109.0
020 |a 0749614358 
090 0 0 |a J745   |b HEW 
100 1 |a Hewitt, Sally 
245 1 0 |a Puff and blow   |c Sally Hewitt 
260 |a London :   |b Watts Books ,   |c 1993 
300 |a 32 p. :   |b ill. ;   |c 16 cm. 
650 0 0 |a Decorative arts 
999 |a 052505   |b BUKU   |c PINJAMAN   |e PERPUSTAKAAN KOMUNITI PETALING JAYA